000 00586nam a2200169 4500
001 140462
003 ES-MaACL
005 20230906200101.0
007 t|
008 070214s1973 sp r ||||1| spa d
110 2 _aChartered Insurance Institute (London)
_92797
245 1 0 _aSeguro de pérdida de beneficios
_b: curso de seguros del Chartered Insurance Institute /
_c[traducción del inglés Mapfre Estudios].
260 _aMadrid :
_bMapfre,
_c1973 (
_fJiménez)
300 _a212 p. ;
_c21 cm.
710 2 _aMapfre Estudios (Madrid)
_95646
852 _aES-MaACL
_jC-54761
_bR.87099
999 _c140462
_d140462